000 00637nam a2200229Ia 4500
003 OSt
005 20230531103447.0
008 210423s2013 xx 000 0 und d
020 _a978-1-4522-0387-4
040 _cAL
041 _aeng
082 _a361.26 SUNF
100 _aSUNDAR (Pushpa)
_9117601
245 _aForeign aid for Indian NGOs: problem or solution
260 _aLondon
_bRoutledge
_c2013
300 _axx,363p
_bHB
365 _b795
_cINR
650 _aSocial Problems
_9117602
650 _aSocial Problems & Services
_9117603
906 _aaid ; Foreign ; Indian ; NGOs: ; problem ; solution
942 _2ddc
_cBK
999 _c176352
_d176352